[Event "HUN-chT2 Erkel 1516"]
[Site "Hungary"]
[Date "2015.12.06"]
[Round "6.8"]
[White "Farkas, Istvan"]
[Black "Wanger, Tamas"]
[Result "1-0"]
[WhiteElo "1943"]
[BlackElo "2026"]
[PlyCount "91"]
[EventDate "2015.09.13"]
[EventType "team-tourn"]
[EventRounds "11"]
[EventCountry "HUN"]
[SourceTitle "CBM 170 Extra"]
[Source "ChessBase"]
[SourceDate "2016.02.25"]
[SourceVersion "1"]
[SourceVersionDate "2016.02.25"]
[SourceQuality "1"]
[WhiteTeam "Jaszbereny"]
[BlackTeam "Barcza BEAC"]
[WhiteTeamCountry "HUN"]
[BlackTeamCountry "HUN"]

1. e4 e6 2. d4 d5 3. exd5 exd5 4. Bd3 Bd6 5. Ne2 Ne7 6. 0-0 0-0 7. c3 c6 8. Qc2 h6 9. Ng3 Be6 10. Re1 c5 11. dxc5 Bxc5 12. Bxh6 gxh6 13. Qd2 Bxf2+ 14. Kxf2 Ng6 15. Qxh6 Qf6+ 16. Kg1 Qf4 17. Qxf4 Nxf4 18. Bf1 Nc6 19. Bb5 Rfd8 20. Rd1 a6 21. Bxc6 bxc6 22. Rd4 Ng6 23. b4 a5 24. Nd2 Ra7 25. a4 Rda8 26. Nb3 axb4 27. Rxb4 Ne5 28. Ne2 Nd7 29. a5 c5 30. Rb5 d4 31. Nd2 Bf5 32. c4 Rb8 33. Nf4 Be6 34. Nxe6 fxe6 35. Nb3 Rab7 36. a6 Rxb5 37. cxb5 Rxb5 38. a7 Nb6 39. a8Q+ Nxa8 40. Rxa8+ Kf7 41. Nd2 Rb2 42. Nf3 Rb4 43. Kf2 Rb2+ 44. Kg3 Kf6 45. Rc8 Rb5 46. Kf4 1-0

[Event "HUN-chT U18"]
[Site "Budapest"]
[Date "2015.08.28"]
[Round "4.10"]
[White "Wanger, Tamas"]
[Black "Polyik, Peter"]
[Result "0-1"]
[WhiteElo "2049"]
[BlackElo "2178"]
[PlyCount "78"]
[EventDate "2015.08.26"]
[EventType "team-swiss"]
[EventRounds "8"]
[EventCountry "HUN"]
[SourceTitle "EXT 2016"]
[Source "ChessBase"]
[SourceDate "2015.10.08"]
[SourceVersion "1"]
[SourceVersionDate "2015.10.08"]
[SourceQuality "1"]

1. d4 d5 2. c4 e6 3. Nc3 c6 4. e3 Nf6 5. Nf3 Nbd7 6. Bd3 dxc4 7. Bxc4 b5 8. Bd3 Bb7 9. 0-0 a6 10. Ne2 c5 11. Ng3 Be7 12. b3 Rc8 13. dxc5 Nxc5 14. Be2 Nd5 15. Bb2 Bf6 16. Bxf6 Qxf6 17. Qd4 Qxd4 18. Nxd4 g6 19. Bf3 e5 20. Nde2 Ke7 21. Ne4 Ne6 22. g3 f5 23. Nd2 e4 24. Bg2 Rc2 25. Rfd1 g5 26. a4 Rd8 27. Bf1 Nb4 28. Nd4 Nxd4 29. exd4 Rxd4 30. axb5 Rdxd2 31. Rxd2 Rxd2 32. bxa6 Ba8 33. Ra4 Nd3 34. Ra5 Kf6 35. Rb5 Ne5 36. Rb6+ Ke7 37. Rb8 Nf3+ 38. Kh1 Rxf2 39. Bg2 e3 0-1

[Event "HUN-chT2 Erkel 1415"]
[Site "Hungary"]
[Date "2014.10.05"]
[Round "1.11"]
[White "Wanger, Tamas"]
[Black "Berta, Sandor Martin"]
[Result "1/2-1/2"]
[WhiteElo "1975"]
[BlackElo "2009"]
[PlyCount "75"]
[EventDate "2014.09.28"]
[EventType "team-tourn"]
[EventRounds "9"]
[EventCountry "HUN"]
[SourceTitle "EXT 2016"]
[Source "ChessBase"]
[SourceDate "2015.10.08"]
[SourceVersion "1"]
[SourceVersionDate "2015.10.08"]
[SourceQuality "1"]
[WhiteTeam "BEAC"]
[BlackTeam "Budapest MTK"]
[WhiteTeamCountry "HUN"]
[BlackTeamCountry "HUN"]

1. d4 Nf6 2. c4 g6 3. Nc3 Bg7 4. e4 d6 5. Nge2 0-0 6. Ng3 c5 7. d5 h5 8. Bd3 h4 9. Nge2 a6 10. h3 b5 11. cxb5 axb5 12. Nxb5 Nbd7 13. Nec3 Ne5 14. Be2 Qa5 15. 0-0 Ba6 16. a4 Rfb8 17. Bg5 Qb4 18. Qc2 c4 19. Bxh4 Bxb5 20. Nxb5 Nd3 21. Bxd3 cxd3 22. Qxd3 Nxe4 23. Bxe7 Rb7 24. Bh4 Nc5 25. Qg3 Be5 26. Qg4 Qxb2 27. Bg3 Rxb5 28. Bxe5 dxe5 29. axb5 Rxa1 30. Qc8+ Kg7 31. Qxc5 Ra5 32. Qc1 Qxc1 33. Rxc1 Rxb5 34. Rd1 Kf6 35. f3 Ke7 36. d6+ Kd7 37. h4 Rb6 38. Rd5 1/2-1/2

[Event "Liptovsky Mikulas CupT U20"]
[Site "Liptovsky Mikulas"]
[Date "2014.06.21"]
[Round "5.3"]
[White "Hros, Roman"]
[Black "Wanger, Tamas"]
[Result "1-0"]
[WhiteElo "2073"]
[BlackElo "1988"]
[PlyCount "87"]
[EventDate "2014.06.19"]
[EventType "team-swiss"]
[EventRounds "7"]
[EventCountry "SVK"]
[SourceTitle "EXT 2015"]
[Source "ChessBase"]
[SourceDate "2014.11.20"]
[SourceVersion "1"]
[SourceVersionDate "2014.11.20"]
[SourceQuality "1"]
[WhiteTeam "Liptov Chess School (U18)"]
[BlackTeam "Barcza Gedeon (U18)"]
[WhiteTeamCountry "SVK"]
[BlackTeamCountry "HUN"]

1. e4 e6 2. d4 d5 3. e5 c5 4. c3 Nc6 5. Nf3 Nh6 6. Bd3 cxd4 7. cxd4 Nf5 8. Bxf5 exf5 9. Nc3 Be6 10. 0-0 Be7 11. a3 g5 12. Qd3 f4 13. g3 g4 14. Ne1 f3 15. Nc2 Qd7 16. Ne3 0-0-0 17. b4 Kb8 18. Bd2 Nxe5 19. dxe5 d4 20. Ne4 dxe3 21. Qxe3 Bd5 22. Bc3 Qf5 23. Nd6 Qh5 24. h4 gxh3 25. Kh2 Qg4 26. Rad1 Be6 27. Bd4 Bxd6 28. Bxa7+ Ka8 29. exd6 Rhe8 30. Bb6 Rd7 31. Rd4 Qf5 32. Rc1 Qb5 33. Bc7 b6 34. Qxf3+ Ka7 35. a4 Qf5 36. Qxf5 Bxf5 37. Rc6 Re2 38. Rf4 Be4 39. Bxb6+ Kb7 40. Rc7+ Rxc7 41. Bxc7 Bg2 42. Rxf7 Re1 43. Ba5+ Kc8 44. d7+ 1-0

[Event "HUN-chT2 Erkel 1213"]
[Site "Hungary"]
[Date "2013.04.07"]
[Round "10.12"]
[White "Wanger, Tamas"]
[Black "Farkas, Istvan"]
[Result "1-0"]
[WhiteElo "1932"]
[BlackElo "1720"]
[PlyCount "109"]
[EventDate "2012.09.16"]
[EventType "team-tourn"]
[EventRounds "11"]
[EventCountry "HUN"]
[SourceTitle "EXT 2014"]
[Source "ChessBase"]
[SourceDate "2013.11.20"]
[SourceVersion "1"]
[SourceVersionDate "2013.11.20"]
[SourceQuality "1"]
[WhiteTeam "BEAC II"]
[BlackTeam "Nagykata"]
[WhiteTeamCountry "HUN"]
[BlackTeamCountry "HUN"]

1. d4 d5 2. c4 c6 3. Nf3 Nf6 4. Nc3 Bg4 5. Ne5 Bf5 6. cxd5 Nxd5 7. Qb3 Qb6 8. Nxd5 cxd5 9. e3 Qxb3 10. axb3 f6 11. Bb5+ Nd7 12. Nf3 Rc8 13. Bd2 a6 14. Be2 e5 15. Bc3 e4 16. Nd2 Bd6 17. b4 0-0 18. 0-0 Be6 19. Ra2 Rf7 20. b5 axb5 21. Bxb5 Nf8 22. Rfa1 f5 23. g3 g5 24. Ra8 Rfc7 25. R1a7 f4 26. Rxc8 Bxc8 27. Nb3 h5 28. Ra8 b6 29. Ba6 Bh3 30. Rd8 Rd7 31. Rxd7 Nxd7 32. Bb7 Nf6 33. Nc1 f3 34. Na2 Be6 35. Bb4 Bb8 36. Be7 Kf7 37. Bxf6 Kxf6 38. Nb4 Bd6 39. Nxd5+ Bxd5 40. Bxd5 Kf5 41. h3 Bb4 42. Bf7 Kf6 43. Bxh5 Ke6 44. Bg6 Kd5 45. Bf7+ Kd6 46. h4 gxh4 47. gxh4 Kc6 48. h5 Bf8 49. Kh2 Bh6 50. Kg3 Kd6 51. Bc4 Kc6 52. Kg4 b5 53. Bf1 b4 54. Bc4 b3 55. Kf5 1-0

[Event "Budapest-chT1 Lilienthal 1213"]
[Site "Budapest"]
[Date "2012.12.09"]
[Round "5"]
[White "Wanger, Tamas"]
[Black "Furedi, Erik"]
[Result "1-0"]
[WhiteElo "1932"]
[BlackElo "1757"]
[PlyCount "141"]
[EventDate "2012.09.30"]
[EventType "team-tourn"]
[EventRounds "11"]
[EventCountry "HUN"]
[SourceTitle "EXT 2019"]
[Source "ChessBase"]
[SourceDate "2018.10.10"]
[SourceVersion "1"]
[SourceVersionDate "2018.10.10"]
[SourceQuality "1"]
[WhiteTeam "Budapest EAC"]
[BlackTeam "Budapest Vasas II"]
[WhiteTeamCountry "HUN"]
[BlackTeamCountry "HUN"]

1. d4 d5 2. c4 e6 3. Nc3 Nf6 4. Bg5 Be7 5. e3 0-0 6. Nf3 b6 7. cxd5 Nxd5 8. Bxe7 Qxe7 9. Nxd5 exd5 10. a3 Bg4 11. Be2 Nd7 12. Rc1 Nf6 13. Qc2 c5 14. dxc5 bxc5 15. Qxc5 Qxc5 16. Rxc5 Rfc8 17. Rxc8+ Rxc8 18. Bd1 Kf8 19. 0-0 Ke7 20. Nd4 Bxd1 21. Rxd1 g6 22. f3 a6 23. Kf2 Kd6 24. Ke2 Rc4 25. Kd2 Nd7 26. Rc1 Nb6 27. b3 Rxc1 28. Kxc1 Kc5 29. Kc2 Kd6 30. Kc3 Kc5 31. Nc2 a5 32. a4 h6 33. Ne1 Kc6 34. Nd3 f6 35. Kd4 Kd6 36. Nc5 Kc6 37. Nd3 Kd6 38. Nf4 g5 39. Nh5 Nd7 40. Ng7 Kc6 41. Nf5 Nc5 42. Kc3 h5 43. Nd4+ Kb6 44. Nb5 Kc6 45. Nd4+ Kb6 46. Nc2 Kc6 47. Ne1 Ne6 48. Nd3 Kb6 49. b4 axb4+ 50. Kxb4 Nc7 51. Nc5 Kc6 52. Nb3 Na6+ 53. Kc3 Kd6 54. Nd4 h4 55. a5 Kc5 56. Nb3+ Kd6 57. Nd2 Kc5 58. g3 hxg3 59. hxg3 f5 60. f4 gxf4 61. gxf4 Kd6 62. Nb3 Ke6 63. Nd4+ Kf6 64. Kb3 Nc7 65. Kb4 Ke7 66. Kc5 Kd7 67. Kb6 Kc8 68. Nb5 Ne6 69. a6 Kb8 70. a7+ Ka8 71. Nc7+ 1-0

[Event "Budapest FS10 FM-A1"]
[Site "Budapest"]
[Date "2012.10.14"]
[Round "8"]
[White "Wanger, Tamas"]
[Black "Maqseed, Nasser"]
[Result "1-0"]
[WhiteElo "1932"]
[BlackElo "2065"]
[PlyCount "78"]
[EventDate "2012.10.06"]
[EventType "tourn"]
[EventRounds "9"]
[EventCountry "HUN"]
[SourceTitle "EXT 2013"]
[Source "ChessBase"]
[SourceDate "2012.11.22"]
[SourceVersion "1"]
[SourceVersionDate "2012.11.22"]
[SourceQuality "1"]

1. d4 Nf6 2. c4 g6 3. Nc3 Bg7 4. e4 d6 5. Nge2 0-0 6. Ng3 c5 7. d5 e6 8. Be2 exd5 9. exd5 Re8 10. Be3 a6 11. a4 Nbd7 12. 0-0 Ne5 13. h3 Rb8 14. Qd2 Qb6 15. a5 Qc7 16. Bg5 b6 17. f4 Ned7 18. f5 bxa5 19. h4 h5 20. Bd3 Nh7 21. fxg6 Nxg5 22. hxg5 fxg6 23. Bxg6 Rf8 24. Nxh5 Ne5 25. Rxf8+ Kxf8 26. Rf1+ Kg8 27. Nf6+ Bxf6 28. Rxf6 Qe7 29. Ne4 Rb6 30. Qf2 Bd7 31. Qh4 Qg7 32. Qh5 Rxb2 33. Bf7+ Kf8 34. Be6+ Ke7 35. Rh6 Rb1+ 36. Kh2 Ng4+ 37. Bxg4 Qe5+ 38. Ng3 Bxg4 39. Qxg4 Qg7 1-0

[Event "Budapest-chT1 Lilienthal 1213"]
[Site "Budapest"]
[Date "2012.10.14"]
[Round "2"]
[White "Wanger, Tamas"]
[Black "Rabovszky, Gyorgy"]
[Result "0-1"]
[WhiteElo "1932"]
[BlackElo "1891"]
[PlyCount "74"]
[EventDate "2012.09.30"]
[EventType "team-tourn"]
[EventRounds "11"]
[EventCountry "HUN"]
[SourceTitle "EXT 2019"]
[Source "ChessBase"]
[SourceDate "2018.10.10"]
[SourceVersion "1"]
[SourceVersionDate "2018.10.10"]
[SourceQuality "1"]
[WhiteTeam "Budapest EAC"]
[BlackTeam "Budapest Honved"]
[WhiteTeamCountry "HUN"]
[BlackTeamCountry "HUN"]

1. d4 Nf6 2. c4 c5 3. d5 b5 4. cxb5 a6 5. e3 axb5 6. Bxb5 Bb7 7. Nc3 Qa5 8. Bd2 Qb6 9. e4 e6 10. Bc4 Nxe4 11. Nf3 Nxc3 12. Bxc3 exd5 13. Bxd5 Bxd5 14. Qxd5 Qe6+ 15. Qe5 Nc6 16. Qxe6+ fxe6 17. 0-0 d5 18. Ne5 Nxe5 19. Bxe5 Kf7 20. f4 Be7 21. f5 exf5 22. Rxf5+ Ke6 23. Rh5 g6 24. Bxh8 gxh5 25. Bg7 Bg5 26. Bc3 Be3+ 27. Kf1 d4 28. Be1 Kd5 29. Bg3 d3 30. Ke1 Bd4 31. Kd2 c4 32. Rf1 Rxa2 33. Rf5+ Ke6 34. Rxh5 Rxb2+ 35. Kd1 c3 36. Rh6+ Kf5 37. Rd6 Rb1# 0-1

[Event "Budapest FS10 FM-A1"]
[Site "Budapest"]
[Date "2012.10.09"]
[Round "3"]
[White "Wanger, Tamas"]
[Black "Borda, Lajos"]
[Result "1/2-1/2"]
[WhiteElo "1932"]
[BlackElo "2120"]
[PlyCount "33"]
[EventDate "2012.10.06"]
[EventType "tourn"]
[EventRounds "9"]
[EventCountry "HUN"]
[SourceTitle "EXT 2013"]
[Source "ChessBase"]
[SourceDate "2012.11.22"]
[SourceVersion "1"]
[SourceVersionDate "2012.11.22"]
[SourceQuality "1"]

1. d4 Nf6 2. Nf3 b5 3. e3 a6 4. a4 bxa4 5. Rxa4 e6 6. c4 d6 7. Nc3 Nbd7 8. e4 e5 9. Ra1 exd4 10. Nxd4 Bb7 11. Bd3 g6 12. 0-0 Bg7 13. Be3 0-0 14. Nb3 Re8 15. f3 Nb8 16. Na5 Bc8 17. Re1 1/2-1/2

[Event "Budapest FS10 FM-A1"]
[Site "Budapest"]
[Date "2012.10.08"]
[Round "2"]
[White "Nasser, Bader"]
[Black "Wanger, Tamas"]
[Result "0-1"]
[WhiteElo "2021"]
[BlackElo "1932"]
[PlyCount "76"]
[EventDate "2012.10.06"]
[EventType "tourn"]
[EventRounds "9"]
[EventCountry "HUN"]
[SourceTitle "EXT 2013"]
[Source "ChessBase"]
[SourceDate "2012.11.22"]
[SourceVersion "1"]
[SourceVersionDate "2012.11.22"]
[SourceQuality "1"]

1. d4 d5 2. c4 c6 3. Nc3 Nf6 4. e3 e6 5. Nf3 Nbd7 6. Qc2 Be7 7. Bd3 0-0 8. b3 b6 9. 0-0 Bb7 10. Ne5 h6 11. f4 c5 12. cxd5 Nxd5 13. Nxd5 Bxd5 14. e4 Nxe5 15. dxe5 Bb7 16. Be3 Qc7 17. Rf3 Rfd8 18. Raf1 Bf8 19. f5 Qxe5 20. fxe6 fxe6 21. Rf7 Bc6 22. Kh1 Bd6 23. Bf4 Qd4 24. e5 Bxe5 25. Bh7+ Kh8 26. Bxh6 gxh6 27. Qe2 Qb2 28. Bc2 Bg7 29. Qg4 Rd2 30. Be4 Bxe4 31. Qxe4 Rad8 32. Qg4 Qd4 33. Qg3 Rd1 34. h3 Rxf1+ 35. Rxf1 Rf8 36. Rxf8+ Bxf8 37. Qb8 Qd1+ 38. Kh2 Qd6+ 0-1

[Event "Liptovsky Mikulas CupT U20"]
[Site "Liptovsky Mikulas"]
[Date "2012.06.25"]
[Round "6.2"]
[White "Wanger, Tamas"]
[Black "Jozefek, Michal"]
[Result "1/2-1/2"]
[WhiteElo "1880"]
[BlackElo "2043"]
[PlyCount "94"]
[EventDate "2012.06.22"]
[EventType "team-swiss"]
[EventRounds "9"]
[EventCountry "SVK"]
[SourceTitle "CBM 149 Extra"]
[Source "ChessBase"]
[SourceDate "2012.08.24"]
[SourceVersion "1"]
[SourceVersionDate "2012.08.24"]
[SourceQuality "1"]
[WhiteTeam "Barcza Gedeon"]
[BlackTeam "Osuske"]
[WhiteTeamCountry "HUN"]
[BlackTeamCountry "SVK"]

1. d4 Nf6 2. Nf3 e6 3. Bf4 b6 4. h3 Bb7 5. e3 c5 6. c3 Be7 7. Nbd2 0-0 8. Be2 d6 9. 0-0 Nbd7 10. Bh2 Re8 11. a4 Bf8 12. Nc4 Ne4 13. Bd3 Ndf6 14. Qc2 Rc8 15. Rfd1 Bd5 16. Qe2 Qc7 17. Ncd2 Nxd2 18. Nxd2 cxd4 19. exd4 Red8 20. Bb5 Qb8 21. Bd3 Qa8 22. f3 Qb8 23. Ne4 Be7 24. Re1 Qc7 25. Qc2 h6 26. Ba6 Bb7 27. Bd3 Nd5 28. Qe2 Bh4 29. Red1 Be7 30. f4 Re8 31. Rf1 Nf6 32. Nxf6+ Bxf6 33. Qg4 Qe7 34. Bb5 Bc6 35. Ba6 Bb7 36. Bd3 Bd5 37. Rae1 Bc4 38. Qe2 Bxd3 39. Qxd3 Qd7 40. Ra1 Qc6 41. f5 e5 42. dxe5 dxe5 43. Qa6 Rc7 44. Rfe1 Rd7 45. Re2 Red8 46. Rae1 Rd1 47. Bg3 Rxe1+ 1/2-1/2

[Event "Liptovsky Mikulas CupT U20"]
[Site "Liptovsky Mikulas"]
[Date "2012.06.23"]
[Round "3.2"]
[White "Grinblat, Artemiy"]
[Black "Wanger, Tamas"]
[Result "1/2-1/2"]
[WhiteElo "1983"]
[BlackElo "1880"]
[PlyCount "92"]
[EventDate "2012.06.22"]
[EventType "team-swiss"]
[EventRounds "9"]
[EventCountry "SVK"]
[SourceTitle "CBM 149 Extra"]
[Source "ChessBase"]
[SourceDate "2012.08.24"]
[SourceVersion "1"]
[SourceVersionDate "2012.08.24"]
[SourceQuality "1"]
[WhiteTeam "St Petersburg"]
[BlackTeam "Barcza Gedeon"]
[WhiteTeamCountry "RUS"]
[BlackTeamCountry "HUN"]

1. e4 e6 2. d4 d5 3. Nc3 Nf6 4. e5 Nfd7 5. f4 c5 6. Nf3 Nc6 7. Be3 Qb6 8. Na4 Qa5+ 9. c3 c4 10. b4 Qc7 11. Be2 b5 12. Nc5 a5 13. a3 axb4 14. axb4 Rxa1 15. Qxa1 Nxc5 16. dxc5 Be7 17. 0-0 0-0 18. Bd4 Bb7 19. g4 f5 20. gxf5 Rxf5 21. Qc1 Qd8 22. Qe3 h6 23. Ne1 Bc8 24. Bg4 Rf8 25. Qh3 Qd7 26. Nc2 Bd8 27. Ne3 Ne7 28. Kh1 Kh7 29. Qg3 g6 30. Rg1 Rg8 31. Qh3 Rf8 32. Bd1 Nf5 33. Bc2 Bb7 34. Ng4 h5 35. Ne3 Rg8 36. Nxf5 exf5 37. Bd1 Qf7 38. e6 Qe8 39. Rxg6 Qxg6 40. Bxh5 Qh6 41. Qxf5+ Rg6 42. Bxg6+ Qxg6 43. Qh3+ Qh6 44. Qf5+ Qg6 45. Qh3+ Qh6 46. Qf5+ Qg6 1/2-1/2